00393nam a2200145Ia 4500003000400000008004100004040001600045082001600061100002500077245006900102260003600171650000900207650001800216650001300234GCL140319s9999 xx 000 0 eng d aGCL / cGCL04a741.09bW B1 aWOOLLARD, DAROTH E.G10aBOURNEMOUTH AND DISTRICT: A SKETCH BOOK / cWOOLLARD, DAROTH E.G a[S.N] : bA AND C BLACK LIMITED04aARTS04aSKETCH - BOOK04aDRAURING